Programming PIC microcontrollers With PicBasic
This comprehensive tutorial assumes no prior experience with PICBASIC. It opens with an introduction to such basic concepts as variables, statements, operators, and structures. This is followed by discussion of the two most commonly used PICBASIC compilers.
Đã lưu trong:
| 主要作者: | |
|---|---|
| 格式: | 圖書 |
| 語言: | Undetermined |
| 出版: |
Amsterdam
Newnes
2003
|
| 主題: | |
| 標簽: |
添加標簽
沒有標簽, 成為第一個標記此記錄!
|
| Thư viện lưu trữ: | Trung tâm Học liệu Trường Đại học Cần Thơ |
|---|
| LEADER | 00813nam a2200193Ia 4500 | ||
|---|---|---|---|
| 001 | CTU_213931 | ||
| 008 | 210402s9999 xx 000 0 und d | ||
| 082 | |a 629.8955133 | ||
| 082 | |b H477 | ||
| 100 | |a Hellebuyck, Chuck | ||
| 245 | 0 | |a Programming PIC microcontrollers With PicBasic | |
| 245 | 0 | |c Chuck Hellebuyck | |
| 260 | |a Amsterdam | ||
| 260 | |b Newnes | ||
| 260 | |c 2003 | ||
| 520 | |a This comprehensive tutorial assumes no prior experience with PICBASIC. It opens with an introduction to such basic concepts as variables, statements, operators, and structures. This is followed by discussion of the two most commonly used PICBASIC compilers. | ||
| 650 | |a Basic stamp computers,Đặc trưng cơ bản máy tính | ||
| 904 | |i Tuyến | ||
| 980 | |a Trung tâm Học liệu Trường Đại học Cần Thơ | ||